| 000 | 00681cam a2200253 4500 | ||
|---|---|---|---|
| 008 | 090401t1993 xxu||||| |||| 00| 0 eng d | ||
| 020 | _a0117526789 | ||
| 035 | _a(Sirsi) u61417 | ||
| 041 | _aeng | ||
| 050 | _a614.76 | ||
| 100 | _aDobson, M.C. | ||
| 245 | 4 | _aThe potential for woodland establishment on landfill sites. | |
| 260 |
_aLondon _bHMSO _c1993 |
||
| 300 | _axvi,88p. : ill. ; 30cm. | ||
| 350 | _a15 | ||
| 650 | _aLANDFILL SITES | ||
| 650 | _aWASTE DISPOSAL | ||
| 650 | _aWOODLAND ESTABLISHMENT | ||
| 690 | _aRURAL PRACTICE | ||
| 700 | _aMoffat, A.J. | ||
| 710 |
_aUnited Kingdom _bDepartment of the Environment _9982 |
||
| 942 | _n0 | ||
| 948 | _c04/03/1997 | ||
| 999 |
_c94312 _d94312 |
||